El proceso unificado de desarrollo de software / (Record no. 1086)
[ view plain ]
| 000 -CABECERA | |
|---|---|
| campo de control de longitud fija | 00834cam a2200241 a 4500 |
| 001 - NÚMERO DE CONTROL | |
| campo de control | 000001132 |
| 005 - FECHA Y HORA DE LA ÚLTIMA TRANSACCIÓN | |
| campo de control | 20200929145502.0 |
| 008 - DATOS DE LONGITUD FIJA--INFORMACIÓN GENERAL | |
| campo de control de longitud fija | 980826s2000 sp a b 001 0 spa |
| 020 ## - NÚMERO INTERNACIONAL ESTÁNDAR DEL LIBRO | |
| Número Internacional Estándar del Libro | 8478290362 |
| 040 ## - FUENTE DE LA CATALOGACIÓN | |
| Centro catalogador/agencia de origen | DO-SdBNP |
| Centro/agencia transcriptor | DLC |
| Centro/agencia modificador | DLC |
| 082 ## - NÚMERO DE LA CLASIFICACIÓN DECIMAL DEWEY | |
| Número de clasificación | 005.1 |
| Número de documento/Ítem | J17p |
| 100 1# - ENTRADA PRINCIPAL--NOMBRE DE PERSONA | |
| Nombre de persona | Jacobson, Ivar. |
| 9 (RLIN) | 3869 |
| 245 13 - MENCIÓN DE TÍTULO | |
| Título | El proceso unificado de desarrollo de software / |
| Mención de responsabilidad, etc. | Ivar Jacobson, Grady Booch, James Rumbaugh. |
| 260 ## - PUBLICACIÓN, DISTRIBUCIÓN, ETC. | |
| Lugar de publicación, distribución, etc. | Madrid : |
| Nombre del editor, distribuidor, etc. | Pearson Educación, |
| Fecha de publicación, distribución, etc. | 2000. |
| 300 ## - DESCRIPCIÓN FÍSICA | |
| Extensión | xxiv, 438 p. : |
| Otras características físicas | il. ; |
| Dimensiones | 25 cm. |
| 440 #4 - MENCIÓN DE SERIE/PUNTO DE ACCESO ADICIONAL--TÍTULO | |
| Título | The Addison-Wesley object technology series |
| 9 (RLIN) | 3870 |
| 650 #4 - PUNTO DE ACCESO ADICIONAL DE MATERIA--TÉRMINO DE MATERIA | |
| Término de materia o nombre geográfico como elemento de entrada | Programación (computadores electrónicos) |
| 9 (RLIN) | 3871 |
| 650 #4 - PUNTO DE ACCESO ADICIONAL DE MATERIA--TÉRMINO DE MATERIA | |
| Término de materia o nombre geográfico como elemento de entrada | Programas para computador |
| 9 (RLIN) | 3872 |
| 650 #4 - PUNTO DE ACCESO ADICIONAL DE MATERIA--TÉRMINO DE MATERIA | |
| Término de materia o nombre geográfico como elemento de entrada | Uml (computación) |
| 9 (RLIN) | 3873 |
| 700 1# - PUNTO DE ACCESO ADICIONAL--NOMBRE DE PERSONA | |
| Nombre de persona | Booch, Grady. |
| 9 (RLIN) | 3874 |
| 700 1# - PUNTO DE ACCESO ADICIONAL--NOMBRE DE PERSONA | |
| Nombre de persona | Rumbaugh, James. |
| 9 (RLIN) | 3875 |
| 910 ## - DATOS DE OPCIÓN DEL USUARIO (OCLC) | |
| Datos de opción del usuario | Catalogación por copia / LC |
| Estado de retiro | Estado de pérdida | No para préstamo | Código de colección | Localización permanente | Ubicación/localización actual | Ubicación en estantería | Fecha de adquisición | Número de inventario | Total de préstamos | Signatura topográfica completa | Código de barras | Fecha visto por última vez | Precio válido a partir de | Tipo de ítem Koha | Restricciones de uso | Número de copia |
|---|---|---|---|---|---|---|---|---|---|---|---|---|---|---|---|---|
| Préstamo en sala | Dominicana de Servicio | Biblioteca Nacional Pedro Henríquez Ureña | Biblioteca Nacional Pedro Henríquez Ureña | Orden iniciada | 28.02.2011 | LF1 | 005.1 J17p | 1132-40 | 25.06.2020 | 25.06.2020 | Libros y folletos | |||||
| Préstamo en sala | Dominicana de Servicio | Biblioteca Nacional Pedro Henríquez Ureña | Biblioteca Nacional Pedro Henríquez Ureña | Orden iniciada | 28.02.2011 | LF1 | 005.1 J17p | 1132-50 | 25.06.2020 | 25.06.2020 | Libros y folletos | |||||
| Préstamo en sala | Dominicana de Servicio | Biblioteca Nacional Pedro Henríquez Ureña | Biblioteca Nacional Pedro Henríquez Ureña | Depósito | 25.06.2009 | LF1 | 005.1 J17p | 1132-10 | 25.06.2020 | 25.06.2020 | Libros y folletos | Préstamo interno | ||||
| Préstamo en sala | Dominicana de Servicio | Biblioteca Nacional Pedro Henríquez Ureña | Biblioteca Nacional Pedro Henríquez Ureña | Depósito | 25.06.2009 | LF1 | 005.1 J17p | 1132-20 | 25.06.2020 | 25.06.2020 | Libros y folletos | Préstamo restringido | e.2 | |||
| Préstamo en sala | Dominicana de Servicio | Biblioteca Nacional Pedro Henríquez Ureña | Biblioteca Nacional Pedro Henríquez Ureña | Depósito | 25.06.2009 | LF1 | 005.1 J17p | 1132-30 | 25.06.2020 | 25.06.2020 | Libros y folletos | Préstamo interno | e.3 |
